<?xml version="1.0" encoding="UTF-8"?>
<collection xmlns="http://www.loc.gov/MARC21/slim">
 <record>
  <leader>01660nam a2200217Ia 4500</leader>
  <controlfield tag="001">TDMU_6557</controlfield>
  <controlfield tag="008">210410s9999    xx            000 0 und d</controlfield>
  <datafield tag="082" ind1=" " ind2=" ">
   <subfield code="a">150</subfield>
  </datafield>
  <datafield tag="090" ind1=" " ind2=" ">
   <subfield code="b">PH104</subfield>
  </datafield>
  <datafield tag="100" ind1=" " ind2=" ">
   <subfield code="a">Phạm, Minh Hạc</subfield>
  </datafield>
  <datafield tag="245" ind1=" " ind2="0">
   <subfield code="a">Tâm lý học</subfield>
  </datafield>
  <datafield tag="245" ind1=" " ind2="0">
   <subfield code="c">Phạm Minh Hạc (chủ biên), Phạm Hoàng Gia, Trần Trọng Thủy, Nguyễn Quang Uẩn</subfield>
  </datafield>
  <datafield tag="260" ind1=" " ind2=" ">
   <subfield code="a">H.</subfield>
  </datafield>
  <datafield tag="260" ind1=" " ind2=" ">
   <subfield code="b">Giáo dục</subfield>
  </datafield>
  <datafield tag="260" ind1=" " ind2=" ">
   <subfield code="c">1998</subfield>
  </datafield>
  <datafield tag="300" ind1=" " ind2=" ">
   <subfield code="a">244tr.</subfield>
  </datafield>
  <datafield tag="520" ind1=" " ind2=" ">
   <subfield code="a">Sách đã được Hội đồng thẩm định sách của Bộ Giáo dục và Đào tạo giới thiệu là sách dùng chung cho các trường CĐSP toàn quốc); aTrình bày các vấn đề cơ bản của bộ môn tâm lý học: tâm lý học là một khoa học; sự hình thành và phát triển tâm lí - ý thức; hoạt động giao tiếp, nhân cách;các khái niệm về chú ý, trí nhớ, nhận thức. Đặc biệt, tài liệu có đề cập đến tâm lý học về hoạt động dạy - học và giáo dục; và một số vấn đề về tâm lý học nhân cách của người thầy giáo.; TH Tâm lý học; TH Tâm lý học lứa tuổi và tâm lý học Sư phạm</subfield>
  </datafield>
  <datafield tag="650" ind1=" " ind2=" ">
   <subfield code="a">Tâm lý; Tâm lý học; Tâm lý học đại cương; Khoa học tâm lý; Tâm lý học học đường; Tâm lý học</subfield>
  </datafield>
  <datafield tag="700" ind1=" " ind2=" ">
   <subfield code="a">Phạm, Hoàng Gia</subfield>
  </datafield>
  <datafield tag="856" ind1=" " ind2=" ">
   <subfield code="u">http://lrc.tdmu.edu.vn/opac/search/detail.asp?aID=2&amp;ID=6557</subfield>
  </datafield>
  <datafield tag="980" ind1=" " ind2=" ">
   <subfield code="a">Trung tâm Học liệu Trường Đại học Thủ Dầu Một</subfield>
  </datafield>
 </record>
</collection>
